| 000 | 01056cac a2200325 i 4500 | ||
|---|---|---|---|
| 003 | EG-GICUC | ||
| 005 | 20260121101551.0 | ||
| 008 | 081112s2008 nyu fr 001 0 eng d | ||
| 020 |
_a9781599412504 _qhbk. : alk. paper |
||
| 040 |
_aDLC _cDLC _beng _dEG-GiCUC _erda |
||
| 043 | _an-us--- | ||
| 050 | 0 | 0 |
_aKF9618 _b.C38 2008 |
| 082 | 0 | 4 |
_221 _a343.3.073 |
| 092 | 0 | 4 | _221 |
| 099 | _aLaw 10 2008 | ||
| 245 | 0 | 0 |
_aCriminal procedure : _bcases and comments / _cby James B. Haddad ... [et al.]. |
| 250 | _a7th edition. | ||
| 264 |
_aNew York : _bFoundation Press ; _a[St. Paul, Minn.] : _bThomson/West, _c2008. |
||
| 300 |
_alxxiii, 2044 page ; _c27 cm. |
||
| 336 |
_atext _btxt _2rdacontent |
||
| 337 |
_aunmediated _bn _2rdamedia |
||
| 338 |
_avolume _bnc _2rdacarrier |
||
| 490 | 0 | _aUniversity casebook series | |
| 500 | _aIncludes index. | ||
| 650 | 0 |
_aCriminal procedure _zUnited States _vCases. |
|
| 700 | 1 |
_aHaddad, James B., _d1942- |
|
| 856 | 4 | 0 | _uhttps://fll.law.cu.edu.eg/fulltext/bks/ENGB10-00119.pdf |
| 905 | _a10 | ||
| 942 |
_2ddc _cBK _e21 _n0 |
||
| 999 |
_c53218 _d53218 |
||